| 000 | 00860nam a2200253Ia 4500 | ||
|---|---|---|---|
| 003 | OSt | ||
| 005 | 20221005113510.0 | ||
| 006 | a|||||r|||| 00| 0 | ||
| 007 | ta | ||
| 008 | 221004b |||||||| |||| 00| 0 pan d | ||
| 020 |
_a9788176472173 (hbk) _c80 |
||
| 024 | _a105153 | ||
| 037 |
_b7830/II/A, 31/01/2011, Arsee Publishers _cTextual |
||
| 040 |
_aCRL _cCRL _bpan |
||
| 041 |
_2pan _apan |
||
| 082 | _aQ8441v, 153P8 | ||
| 100 | _aਅਮਰੀਕ ਸਿੰਘ | ||
| 245 | 0 | _a॥ਾਲਸੇ ਦੀ ਵਿਰਾਸਤ | |
| 260 |
_aਲੁਧਿਆਣਾ _bਲਾਹੌਰ ਬੁੱਕ ਾਪ ਭਾਰਤ _c2008 |
||
| 300 |
_a120ਪੰ _ccm. |
||
| 650 | _aਪੰਜਾਬੀ ਸਾਹਿਤ | ||
| 942 |
_hQ8441v, 153P8 _cTEXL _2cc |
||
| 999 |
_c1028380 _d1028380 |
||